Juego limpio y deportividad:fichero de recursos para educar en valores/Javier Lamoneda Prieto (Registro nro. 19397)

Detalles MARC
000 -LEADER
fixed length control field 00551nam a22001931a 4500
001 - CONTROL NUMBER
control field 19397
003 - CONTROL NUMBER IDENTIFIER
control field OSt
005 - DATE AND TIME OF LATEST TRANSACTION
control field 20260204212451.0
008 - FIXED-LENGTH DATA ELEMENTS--GENERAL INFORMATION
fixed length control field 190508s2015||||spa||||||b||||||||||spa||
020 ## - NUMERO DE LIBRO INTERNACIONAL NORMALIZADO
International Standard Book Number 9788497293488
082 ## - DEWEY DECIMAL CLASSIFICATION NUMBER
Classification number 796.01 L234j
100 ## - ASIENTO PRINCIPAL -- NOMBRE PERSONAL
Personal name Lamoneda Prieto, Javier
245 ## - TÍTULO PROPIAMENTE DICHO: SUBTÍTULO
Title Juego limpio y deportividad:fichero de recursos para educar en valores/Javier Lamoneda Prieto
264 ## - PRODUCTION, PUBLICATION, DISTRIBUTION, MANUFACTURE, AND COPYRIGHT NOTICE
Place of production, publication, distribution, manufacture Barcelona,España:Editorial INDE
300 ## - PHYSICAL DESCRIPTION
Extensión 174 Páginas
500 ## - GENERAL NOTE
General note Incluye índice
650 ## - ASIENTO SECUNDARIO DE MATERIA -- TERMINO TEMÁTICO
Termino Temático Como Elemento de Entrada Deporte-enseñanzaÌ
942 ## - ADDED ENTRY ELEMENTS (KOHA)
Source of classification or shelving scheme Dewey Decimal Classification
Koha item type Libros
Existencias
Withdrawn status Lost status Source of classification or shelving scheme Damaged status Not for loan Current library Date acquired Total Checkouts Full call number Barcode Date last seen Price effective from Koha item type
    Dewey Decimal Classification     Biblioteca UTECO 09/09/2019   796.01 L234J 019088 09/09/2019 09/09/2019 Libros
© 2021 Derechos Reservados UTECO - Teléfono: +1 809-585-2291 - Correo electrónico: biblioteca@uteco.edu.do​  
Código postal 43000 ​​
Dirección: Avenida Universitaria No. 100, 
Cotuí, Provincia Sánchez Ramírez, República Dominicana - RNC: 404-00059-6